O pacto maldito e outras histórias de morte (Record no. 194771)

MARC details
000 -LÍDER
campo de controle de tamanho fixo 00358 a2200145 4500
001 - NÚMERO DE CONTROLE
campo de controle 194771
040 ## - FONTE DA CATALOGAÇÃO
Instituição que transcreveu o registro Magnum
100 ## - ENTRADA PRINCIPAL--NOME PESSOAL
Nome pessoal Silva, José Claudio da
240 10 - TÍTULO UNIFORME
Título uniforme O pacto maldito e outras histórias de morte
Idioma da obra por
245 10 - TÍTULO
Título O pacto maldito e outras histórias de morte
300 ## - DESCRIÇÃO FÍSICA
Extensão 66
362 0# - DATAS DE PUBLICAÇÃO E/OU DESIGNAÇÃO SEQUENCIAL
Datas de publicação e/ou designação sequencial 2006
697 ## - ENTRADA DE ASSUNTO LOCAL--ENTIDADE COLETIVA (RLIN)
Nome corporativo ou nome da jurisdição LITERATURA GERAL
942 ## - ELEMENTOS DE ENTRADA ADICIONADOS (KOHA)
Tipo de material Koha Livros
Holdings
Situação do descarte Situação das perdas Situação física Não pode ser emprestado Biblioteca de origem Biblioteca atual Data de aquisição Total de empréstimos Número de chamada completo Código de barras Data de último acesso Data do preço efetivo Tipo de material Koha
        Magnum Magnum 08/06/2024   869.01.70 MAG00075458 08/06/2024 08/06/2024 Livros